[Event "HUN-ch Rapid 2018"]
[Site "Ajka"]
[Date "2018.07.20"]
[Round "4"]
[White "Kovacs, Elod"]
[Black "Groszpeter, Attila"]
[Result "0-1"]
[WhiteElo "2126"]
[BlackElo "2438"]
[Annotator "NA"]
[PlyCount "108"]
[EventDate "2018.07.20"]
[EventType "swiss"]
[EventCountry "HUN"]
[SourceTitle "playchess.com"]
[Source "ChessBase"]
[SourceQuality "1"]
[TimeControl "1200+5"]

1. d4 {[%emt 0:00:05]} d5 {[%emt 0:00:02]} 2. c4 {[%emt 0:00:02]} e6 {[%emt 0:00:02]} 3. Nc3 {[%emt 0:00:03]} c6 {[%emt 0:00:02]} 4. e3 {[%emt 0:00:12]} Nf6 {[%emt 0:00:03]} 5. Nf3 {[%emt 0:00:05]} Nbd7 {[%emt 0:00:02]} 6. b3 {[%emt 0:00:53]} Bb4 {[%emt 0:01:57]} 7. Bd2 {[%emt 0:00:02]} O-O {[%emt 0:00:50]} 8. Be2 {[%emt 0:01:13]} Bd6 {[%emt 0:01:16]} 9. O-O {[%emt 0:00:42]} Ne4 {[%emt 0:00:33]} 10. Nxe4 {[%emt 0:01:11]} dxe4 {[%emt 0:00:02]} 11. Ne1 {[%emt 0:00:01]} f5 {[%emt 0:00:14]} 12. f4 {[%emt 0:03:14]} exf3 {[%emt 0:00:14]} 13. Nxf3 {[%emt 0:00:05]} e5 {[%emt 0:00:04]} 14. dxe5 {[%emt 0:00:54]} Nxe5 {[%emt 0:00:06]} 15. Bc3 {[%emt 0:00:11]} Qe7 {[%emt 0:01:24]} 16. Nxe5 {[%emt 0:01:07]} Bxe5 {[%emt 0:00:06]} 17. Bxe5 {[%emt 0:00:04]} Qxe5 {[%emt 0:00:01]} 18. Qd4 {[%emt 0:00:01]} Re8 {[%emt 0:00:28]} 19. Qxe5 {[%emt 0:01:21]} Rxe5 {[%emt 0:00:02]} 20. Bd3 {[%emt 0:00:02]} Be6 {[%emt 0:04:43]} 21. Kf2 {[%emt 0:00:19]} a5 {[%emt 0:00:44]} 22. a4 {[%emt 0:01:18]} Kf7 {[%emt 0:00:52]} 23. Rad1 {[%emt 0:01:33]} Ke7 {[%emt 0:00:36]} 24. Be2 {[%emt 0:00:24]} Rd8 {[%emt 0:00:54]} 25. h4 {[%emt 0:00:08]} g6 {[%emt 0:00:22]} 26. Rd4 {[%emt 0:00:25]} Rxd4 {[%emt 0:00:41]} 27. exd4 {[%emt 0:00:02]} Re4 {[%emt 0:00:01]} 28. Rd1 {[%emt 0:00:18]} Rxh4 {[%emt 0:00:06]} 29. Bf3 {[%emt 0:00:43]} Bd7 {[%emt 0:01:10]} 30. g3 {[%emt 0:00:16]} Rh2+ {[%emt 0:00:28]} 31. Bg2 {[%emt 0:00:02]} g5 {[%emt 0:00:13]} 32. Re1+ {[%emt 0:00:24]} Kd8 {[%emt 0:00:21]} 33. Re5 {[%emt 0:01:53]} b6 {[%emt 0:00:30]} 34. d5 {[%emt 0:00:07]} cxd5 {[%emt 0:00:22]} 35. cxd5 {[%emt 0:00:05]} Kc7 {[%emt 0:00:34]} 36. Kg1 {[%emt 0:00:58]} Kd6 {[%emt 0:00:26]} 37. Re2 {[%emt 0:00:01]} Rh6 {[%emt 0:00:07]} 38. Rc2 {[%emt 0:00:12]} Rf6 {[%emt 0:00:18]} 39. Kf2 {[%emt 0:00:26]} Rf8 {[%emt 0:00:23]} 40. Rc1 {[%emt 0:00:06]} Rc8 {[%emt 0:00:28]} 41. Rh1 {[%emt 0:00:01]} Rc2+ {[%emt 0:00:01]} 42. Kg1 {[%emt 0:00:01]} Rc1+ {[%emt 0:00:05]} 43. Bf1 {[%emt 0:00:04]} b5 {[%emt 0:00:31]} 44. Rxh7 {[%emt 0:00:45]} bxa4 {[%emt 0:00:07]} 45. bxa4 {[%emt 0:00:01]} Bxa4 {[%emt 0:00:04]} 46. Kf2 {[%emt 0:00:03]} Rc2+ {[%emt 0:00:20]} 47. Ke1 {[%emt 0:00:05]} Rc3 {[%emt 0:00:16]} 48. Ra7 {[%emt 0:00:03]} Rxg3 {[%emt 0:00:05]} 49. Rxa5 {[%emt 0:00:03]} Bb3 {[%emt 0:00:11]} 50. Kf2 {[%emt 0:00:09]} f4 {[%emt 0:00:07]} 51. Bg2 {[%emt 0:00:05]} Bc4 {[%emt 0:00:09]} 52. Ra4 {[%emt 0:00:19]} Rc3 {[%emt 0:00:05]} 53. Ra8 {[%emt 0:00:12]} Rc2+ {[%emt 0:00:02]} 54. Kg1 {[%emt 0:00:05]} Rxg2+ {[%emt 0:00:05]} 0-1

[Event "HUN-ch Rapid 2018"]
[Site "Ajka"]
[Date "2018.07.20"]
[Round "4"]
[White "Czupor, Attila"]
[Black "Nemeth, Miklos"]
[Result "1/2-1/2"]
[WhiteElo "2045"]
[BlackElo "2469"]
[Annotator "TA"]
[PlyCount "56"]
[EventDate "2018.07.20"]
[EventType "swiss"]
[EventCountry "HUN"]
[SourceTitle "playchess.com"]
[Source "ChessBase"]
[SourceQuality "1"]

{[%evp 16,56,18,11,20,16,34,-14,-12,-18,-8,0,0,0,0,-16,42,21,70,66,52,66,65,68,137,131,122,58,82,0,0,0,0,-50,-39,-37,78,78,78,79,70,70,67]} 1. e4 d6 2. d4 Nf6 3. Nc3 Nbd7 4. Nf3 e5 5. Be2 c6 (5... Be7 6. g4 O-O 7. g5 Ne8 8. h4 c6 9. a4 Nc7 10. Be3 a6 11. a5 Nb5 12. Qd2 Re8 13. Nxb5 axb5 {½-½ (55) Amin,B (2654)-Jobava,B (2705) Al Ain 2013}) 6. a4 {C41: Philidor-Verteidigung} Be7 7. h3 O-O 8. Be3 b6 9. O-O {LiveBook: 4 Partien} Qc7 10. Re1 Re8 $146 ({Vorgänger:} 10... Bb7 11. Bf1 a6 12. dxe5 dxe5 13. Nd2 b5 14. Ne2 Bc5 15. Ng3 Bxe3 16. Rxe3 g6 17. Nb3 Rfd8 {½-½ (41) Penttinen,J (2322)-Parkkinen,J (2242) Finland 2009}) 11. dxe5 dxe5 12. Nd2 Bb7 13. Bc4 Rad8 14. Qf3 $36 {[%mdl 2048] Weiss hat gut koordiniertes Spiel.} Nc5 15. Nf1 a6 ({Lieber} 15... Ba6 $11 16. Bxa6 Nxa6) 16. b4 $14 Ne6 17. Bxe6 fxe6 18. a5 bxa5 19. bxa5 Nd7 (19... c5 $14) 20. Nd2 $16 Bb4 {[#] Droht ...Tf8 und aus.} 21. Bg5 (21. Na4 $16) 21... Nf6 $14 22. Nb3 (22. Ncb1 $16) 22... Rf8 $11 23. Qe3 c5 $1 24. Na4 {[#] Und weiter mit c3 wäre nett.} Bxe1 25. Rxe1 Bxe4 (25... h6 $15 26. Bxf6 Rxf6 27. Naxc5 Rd6) 26. Bxf6 $1 $16 Rxf6 27. Qxe4 Rf4 28. Qe3 Rxa4 {Precision: Weiß = 56%, Schwarz = 45%.} 1/2-1/2

[Event "HUN-ch Rapid 2018"]
[Site "Ajka"]
[Date "2018.07.20"]
[Round "4"]
[White "Mihalyfi, Gabor"]
[Black "Dankhazi, Andras"]
[Result "0-1"]
[WhiteElo "1999"]
[BlackElo "2361"]
[Annotator "NA"]
[PlyCount "82"]
[EventDate "2018.07.20"]
[EventType "swiss"]
[EventCountry "HUN"]
[SourceTitle "playchess.com"]
[Source "ChessBase"]
[SourceQuality "1"]
[TimeControl "1200+5"]

1. e4 {[%emt 0:00:03]} e5 {[%emt 0:00:02]} 2. d4 {[%emt 0:00:12]} exd4 {[%emt 0:00:03]} 3. Bc4 {[%emt 0:00:04]} Nf6 {[%emt 0:01:36]} 4. Bg5 {[%emt 0:00:51]} Nc6 {[%emt 0:07:38]} 5. Nf3 {[%emt 0:00:10]} Be7 {[%emt 0:02:22]} 6. Nxd4 {[%emt 0:03:02]} Nxe4 {[%emt 0:00:38]} 7. Nxc6 {[%emt 0:00:26]} bxc6 {[%emt 0:00:27]} 8. Bxe7 {[%emt 0:00:53]} Qxe7 {[%emt 0:00:02]} 9. O-O {[%emt 0:00:03]} O-O {[%emt 0:01:42]} 10. Re1 {[%emt 0:00:10]} d5 {[%emt 0:00:02]} 11. Bd3 {[%emt 0:00:02]} Qf6 {[%emt 0:00:40]} 12. Bxe4 {[%emt 0:00:51]} Qxb2 {[%emt 0:00:56]} 13. Bxh7+ {[%emt 0:00:12]} Kxh7 {[%emt 0:00:02]} 14. Qd3+ {[%emt 0:00:30]} Kg8 {[%emt 0:00:07]} 15. Nd2 {[%emt 0:00:22]} Qf6 {[%emt 0:00:11]} 16. Rac1 {[%emt 0:02:01]} Bf5 {[%emt 0:00:27]} 17. Qf3 {[%emt 0:00:23]} Qg5 {[%emt 0:00:11]} 18. Qe3 {[%emt 0:01:16]} Qxe3 {[%emt 0:00:02]} 19. Rxe3 {[%emt 0:00:01]} Rfe8 {[%emt 0:00:01]} 20. Rc3 {[%emt 0:00:20]} Bd7 {[%emt 0:00:25]} 21. Nf3 {[%emt 0:00:08]} Rab8 {[%emt 0:00:34]} 22. Nd4 {[%emt 0:00:53]} Rb6 {[%emt 0:00:00]} 23. Rc5 {[%emt 0:00:33]} Kf8 {[%emt 0:00:31]} 24. Kf1 {[%emt 0:00:36]} Ke7 {[%emt 0:00:29]} 25. Ra5 {[%emt 0:01:27]} a6 {[%emt 0:00:26]} 26. Re1+ {[%emt 0:00:55]} Kd8 {[%emt 0:00:22]} 27. Rxe8+ {[%emt 0:00:07]} Kxe8 {[%emt 0:00:09]} 28. Nb3 {[%emt 0:01:09]} Ke7 {[%emt 0:00:03]} 29. Ke2 {[%emt 0:00:14]} Kd6 {[%emt 0:00:17]} 30. Ke3 {[%emt 0:00:18]} Bc8 {[%emt 0:00:14]} 31. c3 {[%emt 0:00:10]} Rb5 {[%emt 0:01:24]} 32. Ra4 {[%emt 0:00:10]} c5 {[%emt 0:00:04]} 33. h4 {[%emt 0:00:38]} c4 {[%emt 0:00:12]} 34. Nd4 {[%emt 0:00:15]} Rb2 {[%emt 0:00:07]} 35. g4 {[%emt 0:00:26]} c5 {[%emt 0:00:06]} 36. Ne2 {[%emt 0:00:28]} Rb6 {[%emt 0:00:05]} 37. g5 {[%emt 0:00:07]} Kc6 {[%emt 0:00:14]} 38. Nf4 {[%emt 0:00:09]} Kb5 {[%emt 0:00:03]} 39. Nxd5 {[%emt 0:00:02]} Re6+ {[%emt 0:00:00]} 40. Kd2 {[%emt 0:00:37]} Kxa4 {[%emt 0:00:02]} 41. f4 {[%emt 0:00:03]} Rd6 {[%emt 0:00:00]} 0-1

[Event "HUN-ch Rapid 2018"]
[Site "Ajka"]
[Date "2018.07.20"]
[Round "4"]
[White "Cs. Kovacs, Laszlo"]
[Black "Papp, Gellert"]
[Result "0-1"]
[WhiteElo "1928"]
[BlackElo "2324"]
[Annotator "NA"]
[PlyCount "80"]
[EventDate "2018.07.20"]
[EventType "swiss"]
[EventCountry "HUN"]
[SourceTitle "playchess.com"]
[Source "ChessBase"]
[SourceQuality "1"]
[TimeControl "1200+5"]

1. Nf3 {[%emt 0:00:02]} Nf6 {[%emt 0:01:41]} 2. d3 {[%emt 0:00:04]} d5 {[%emt 0:00:04]} 3. g3 {[%emt 0:00:02]} g6 {[%emt 0:00:05]} 4. Bg2 {[%emt 0:00:01]} Bg7 {[%emt 0:00:01]} 5. c3 {[%emt 0:00:02]} Nbd7 {[%emt 0:02:53]} 6. O-O {[%emt 0:00:04]} a5 {[%emt 0:00:12]} 7. b3 {[%emt 0:00:03]} O-O {[%emt 0:00:29]} 8. Bb2 {[%emt 0:00:01]} Re8 {[%emt 0:00:56]} 9. c4 {[%emt 0:00:13]} e5 {[%emt 0:01:06]} 10. cxd5 {[%emt 0:00:08]} Nxd5 {[%emt 0:00:03]} 11. Nfd2 {[%emt 0:00:11]} c6 {[%emt 0:01:04]} 12. Nc3 {[%emt 0:00:20]} N7b6 {[%emt 0:00:43]} 13. Nxd5 {[%emt 0:00:05]} Nxd5 {[%emt 0:00:54]} 14. Rc1 {[%emt 0:00:03]} a4 {[%emt 0:01:06]} 15. bxa4 {[%emt 0:00:13]} Nb6 {[%emt 0:00:36]} 16. Qb3 {[%emt 0:00:41]} Nxa4 {[%emt 0:00:07]} 17. Rxc6 {[%emt 0:01:25]} bxc6 {[%emt 0:01:16]} 18. Bxc6 {[%emt 0:00:03]} Bd7 {[%emt 0:00:17]} 19. Bxa8 {[%emt 0:00:24]} Qxa8 {[%emt 0:00:02]} 20. Ba1 {[%emt 0:00:09]} Bh3 {[%emt 0:00:33]} 21. f3 {[%emt 0:00:17]} Bxf1 {[%emt 0:00:03]} 22. Kxf1 {[%emt 0:00:02]} e4 {[%emt 0:00:56]} 23. Bxg7 {[%emt 0:00:08]} exf3 {[%emt 0:00:02]} 24. Nxf3 {[%emt 0:01:15]} Kxg7 {[%emt 0:00:05]} 25. Kf2 {[%emt 0:00:46]} Qa7+ {[%emt 0:00:16]} 26. d4 {[%emt 0:00:04]} Re4 {[%emt 0:01:14]} 27. e3 {[%emt 0:00:25]} f6 {[%emt 0:00:50]} 28. Nd2 {[%emt 0:00:53]} Re7 {[%emt 0:00:01]} 29. Nc4 {[%emt 0:00:11]} Rb7 {[%emt 0:00:06]} 30. Qa3 {[%emt 0:00:28]} Qa6 {[%emt 0:00:12]} 31. Nd6 {[%emt 0:00:40]} Rb2+ {[%emt 0:00:02]} 32. Kf3 {[%emt 0:00:08]} Qf1+ {[%emt 0:01:08]} 33. Kg4 {[%emt 0:00:56]} Qd1+ {[%emt 0:00:06]} 34. Kf4 {[%emt 0:00:33]} Rf2+ {[%emt 0:00:17]} 35. Ke4 {[%emt 0:00:11]} Qh1+ {[%emt 0:00:25]} 36. Kd3 {[%emt 0:00:26]} Qb1+ {[%emt 0:00:12]} 37. Kc4 {[%emt 0:00:15]} Nb6+ {[%emt 0:00:02]} 38. Kc5 {[%emt 0:00:08]} Rc2+ {[%emt 0:00:01]} 39. Nc4 {[%emt 0:00:24]} Rxc4+ {[%emt 0:00:05]} 40. Kd6 {[%emt 0:00:06]} Qb4+ {[%emt 0:00:15]} 0-1

[Event "HUN-ch Rapid 2018"]
[Site "Ajka"]
[Date "2018.07.20"]
[Round "4"]
[White "Losonczi, Marcell"]
[Black "Martini, Balazs"]
[Result "0-1"]
[WhiteElo "1852"]
[BlackElo "2295"]
[Annotator "NA"]
[PlyCount "124"]
[EventDate "2018.07.20"]
[EventType "swiss"]
[EventCountry "HUN"]
[SourceTitle "playchess.com"]
[Source "ChessBase"]
[SourceQuality "1"]
[TimeControl "1200+5"]

1. e4 {[%emt 0:00:02]} c5 {[%emt 0:00:01]} 2. Nf3 {[%emt 0:00:02]} Nc6 {[%emt 0:00:02]} 3. d4 {[%emt 0:00:02]} cxd4 {[%emt 0:00:02]} 4. Nxd4 {[%emt 0:00:02]} e5 {[%emt 0:00:01]} 5. Nb5 {[%emt 0:00:15]} d6 {[%emt 0:00:01]} 6. c4 {[%emt 0:00:23]} Be7 {[%emt 0:00:01]} 7. N1c3 {[%emt 0:00:08]} a6 {[%emt 0:00:00]} 8. Na3 {[%emt 0:00:01]} f5 {[%emt 0:00:01]} 9. exf5 {[%emt 0:00:05]} Bxf5 {[%emt 0:00:03]} 10. Bd3 {[%emt 0:00:02]} Be6 {[%emt 0:00:01]} 11. O-O {[%emt 0:00:47]} Nf6 {[%emt 0:00:00]} 12. Nc2 {[%emt 0:00:19]} O-O {[%emt 0:00:04]} 13. Be3 {[%emt 0:03:20]} Qd7 {[%emt 0:03:06]} 14. f3 {[%emt 0:00:38]} Rae8 {[%emt 0:00:15]} 15. Qe1 {[%emt 0:01:37]} Nh5 {[%emt 0:00:11]} 16. b3 {[%emt 0:01:03]} Bd8 {[%emt 0:00:15]} 17. a3 {[%emt 0:00:17]} Nf4 {[%emt 0:00:23]} 18. Be4 {[%emt 0:00:20]} Kh8 {[%emt 0:00:41]} 19. Rd1 {[%emt 0:00:21]} Qe7 {[%emt 0:00:31]} 20. Qd2 {[%emt 0:02:17]} Ba5 {[%emt 0:01:13]} 21. b4 {[%emt 0:00:39]} Bc7 {[%emt 0:00:04]} 22. Bxf4 {[%emt 0:00:24]} Rxf4 {[%emt 0:00:05]} 23. Nd5 {[%emt 0:00:02]} Bxd5 {[%emt 0:00:05]} 24. Qxd5 {[%emt 0:00:41]} Bb6+ {[%emt 0:00:48]} 25. Kh1 {[%emt 0:00:08]} Rh4 {[%emt 0:00:15]} 26. g3 {[%emt 0:00:27]} Rh6 {[%emt 0:00:03]} 27. Qd2 {[%emt 0:01:08]} Rf8 {[%emt 0:01:40]} 28. Ne3 {[%emt 0:00:48]} Bxe3 {[%emt 0:00:24]} 29. Qxe3 {[%emt 0:00:08]} Nd4 {[%emt 0:00:02]} 30. Bxh7 {[%emt 0:01:04]} Qf7 {[%emt 0:02:32]} 31. Be4 {[%emt 0:00:18]} Qxc4 {[%emt 0:00:58]} 32. Bxb7 {[%emt 0:00:42]} Qf7 {[%emt 0:02:10]} 33. Be4 {[%emt 0:02:27]} d5 {[%emt 0:00:04]} 34. Bb1 {[%emt 0:00:05]} Qh5 {[%emt 0:00:27]} 35. h4 {[%emt 0:00:55]} Rhf6 {[%emt 0:02:58]} 36. Qg5 {[%emt 0:00:48]} Qxg5 {[%emt 0:00:27]} 37. hxg5 {[%emt 0:00:01]} Rxf3 {[%emt 0:00:02]} 38. Kg2 {[%emt 0:00:02]} Rxf1 {[%emt 0:01:19]} 39. Rxf1 {[%emt 0:00:02]} Rxf1 {[%emt 0:00:00]} 40. Kxf1 {[%emt 0:00:04]} Ne6 {[%emt 0:00:02]} 41. Bd3 {[%emt 0:00:20]} Nc7 {[%emt 0:00:15]} 42. a4 {[%emt 0:00:06]} Kg8 {[%emt 0:00:36]} 43. Bf5 {[%emt 0:00:06]} Kf8 {[%emt 0:00:08]} 44. Ke2 {[%emt 0:00:01]} Ke7 {[%emt 0:00:01]} 45. Kd3 {[%emt 0:00:02]} Kd6 {[%emt 0:00:01]} 46. Bc8 {[%emt 0:00:11]} Kc6 {[%emt 0:00:11]} 47. Bf5 {[%emt 0:00:07]} Ne8 {[%emt 0:00:47]} 48. Bc8 {[%emt 0:00:03]} Nc7 {[%emt 0:00:22]} 49. Bf5 {[%emt 0:00:02]} Kb6 {[%emt 0:00:09]} 50. Bd7 {[%emt 0:00:02]} a5 {[%emt 0:00:04]} 51. bxa5+ Kxa5 52. Bc6 {[%emt 0:00:12]} Kb4 {[%emt 0:00:02]} 53. Bd7 {[%emt 0:00:02]} Na6 {[%emt 0:00:02]} 54. Bb5 {[%emt 0:00:02]} Nc5+ {[%emt 0:00:01]} 55. Ke3 {[%emt 0:00:02]} d4+ {[%emt 0:00:04]} 56. Kd2 {[%emt 0:00:02]} Nxa4 {[%emt 0:00:01]} 57. Bd3 {[%emt 0:00:07]} Nc5 {[%emt 0:00:02]} 58. Bf5 {[%emt 0:00:02]} e4 {[%emt 0:00:02]} 59. Kc2 {[%emt 0:00:07]} Kc4 {[%emt 0:00:03]} 60. Kd2 {[%emt 0:00:03]} Kd5 {[%emt 0:00:03]} 61. Kc2 {[%emt 0:00:05]} Ke5 {[%emt 0:00:03]} 62. Bg6 {[%emt 0:00:03]} Ne6 {[%emt 0:00:01]} 0-1

[Event "HUN-ch Rapid 2018"]
[Site "Ajka"]
[Date "2018.07.20"]
[Round "5"]
[White "Almasi, Zoltan"]
[Black "Erdos, Viktor"]
[Result "0-1"]
[WhiteElo "2650"]
[BlackElo "2617"]
[Annotator "TA"]
[PlyCount "124"]
[EventDate "2018.07.20"]
[EventType "swiss"]
[EventCountry "HUN"]
[SourceTitle "playchess.com"]
[Source "ChessBase"]
[SourceQuality "1"]

{[%evp 32,124,0,0,0,0,0,0,0,0,0,0,0,0,15,14,42,0,16,0,29,0,0,0,-10,-10,-10,-10,-10,-17,-17,-39,0,0,0,0,0,0,0,0,0,0,25,9,23,0,0,0,0,0,0,0,0,-1,-5,-29,-29,-54,-41,-54,-64,-67,-37,-37,-37,-40,-31,-43,-8,-193,-187,-198,-103,-127,-105,-132,-83,-533,0,-122,0,-532,-529,-531,-531,-501,-490,-1126,-1107,-29978,-29979,-29996,-29996,-29997,-29997]} 1. e4 e5 2. Nf3 Nc6 3. Bb5 a6 4. Ba4 Nf6 5. O-O Be7 6. Re1 b5 7. Bb3 d6 8. c3 O-O 9. h3 Re8 10. d4 Bb7 11. Nbd2 Bf8 12. d5 Nb8 13. Nf1 Nbd7 14. N3h2 c6 {C92: Closed Ruy Lopez: 9...Be6, Karpov and Flohr-Zaitsev Variations} 15. dxc6 Bxc6 16. Bg5 Qc7 17. Qf3 {LiveBook: 5 Games} a5 {[%cal Ba6a5,Ba5a4][%mdl 32]} 18. Bxf6 Nxf6 19. Ng4 Nxg4 20. hxg4 a4 21. Bc2 {[%cal Bb3c2,Bc2b1,Bb1a2,Ba2d5][%mdl 32] [#]} g6 $146 ({Predecessor:} 21... Re6 22. Rad1 {1-0 (39) Van Kampen,R (2612)-Ding,L (2730) Doha 2014}) 22. a3 Bh6 23. Rad1 Kg7 24. Bb1 Rf8 25. Ba2 Rad8 26. Bd5 Bd7 27. Rd3 Qc8 28. Nh2 Bg5 29. Red1 Be7 30. Ba2 h6 31. g3 Kh7 32. Kg2 f5 33. gxf5 gxf5 34. Bd5 f4 {aiming for ...fxg3.} 35. Qh5 Be8 36. Qe2 Bg6 37. Rh1 Kg7 $1 38. Qg4 Qxg4 39. Nxg4 h5 $36 {[%mdl 2048] Black fights for an advantage.} 40. Nh2 fxg3 41. fxg3 h4 {Black wants to play ...h3+!} 42. gxh4 Rf4 43. Re3 Rxh4 44. Nf3 Rg4+ 45. Kf1 Rf8 46. Rg1 Rxg1+ (46... Rg5 {is more complex.} 47. Kf2 Bd8 48. Rg3 Be8 49. Be6 Rxg3 50. Kxg3 Bb6) 47. Kxg1 Bd8 {Hoping for ...Bb6.} 48. Rd3 Bb6+ 49. Kg2 Rf4 50. Ng5 $2 {[#]} (50. Bc6 $11 {and White has nothing to worry.}) 50... Kf6 $1 $19 51. Nf3 Bc5 (51... Ke7 $19 52. Nd2 Rf2+ 53. Kh3 Be8) 52. Nd2 $17 Rf2+ 53. Kg3 Re2 {Threatens to win with ...Be3.} 54. Kf3 $2 {[%mdl 8192]} (54. Bc6 $17 {was the crucial defense.}) 54... Rf2+ $2 (54... Bh5+ $19 {has better winning chances.} 55. Kg3 Be3) 55. Kg3 $1 {[#]} Re2 $2 {[%mdl 8192]} (55... Bh5 $1 $17 {[%cal Rh5e2]} 56. b4 axb3 57. Nxb3 Bb6) 56. Kf3 $1 $19 {[%cal Rf3e2]} Bh5+ 57. Kg3 Bf2+ 58. Kh3 Kg5 59. Nf3+ (59. Be6 $142 Re3+ 60. Rxe3 Bxe3 61. Nb1) 59... Kf4 {( -> ...Bg4+)} 60. Nh2 Bg1 {[%csl Gg1][%cal Re2h2] Black mates.} 61. Nf1 Bg4+ 62. Kh4 Bf2+ {Precision: White = 48%, Black = 70%.} 0-1

[Event "HUN-ch Rapid 2018"]
[Site "Ajka"]
[Date "2018.07.20"]
[Round "5"]
[White "Balog, Imre"]
[Black "Horvath, Adam"]
[Result "1-0"]
[WhiteElo "2613"]
[BlackElo "2479"]
[Annotator "TA"]
[PlyCount "39"]
[EventDate "2018.07.20"]
[EventType "swiss"]
[EventCountry "HUN"]
[SourceTitle "playchess.com"]
[Source "ChessBase"]
[SourceQuality "1"]

{[%evp 18,39,28,32,326,326,335,334,343,325,507,504,506,506,520,518,514,502,618,616,595,598,841,833]} 1. d4 Nf6 2. Bg5 e6 3. e4 h6 4. Bxf6 Qxf6 5. Nc3 d6 6. Qd2 c6 7. Nf3 Nd7 8. O-O-O e5 9. dxe5 {A46: 1 d4 Nf6 2 Nf3 e6: Torre, London and Colle Systems} (9. Kb1 Be7 10. Ne2 Bd8 11. Ng3 Bc7 12. h4 O-O 13. Be2 Re8 14. Ng5 Qf4 15. Qd3 Nf6 16. dxe5 dxe5 {1-0 (31) Jobava,B (2663)-Hauchard,A (2535) Brest 2018}) 9... Nxe5 10. Nxe5 {LiveBook: 6 Games} dxe5 $4 {[%mdl 8192] [#]} (10... Qxe5 $14 11. f4 Qc5) 11. Nb5 $1 $18 {[%cal Rb5c7][%mdl 512] Intending Nc7+ and mate.White has a decisive advantage.} Bc5 $146 (11... cxb5 12. Bxb5+) ({Predecessor:} 11... Qe7 12. Nd6+ Qxd6 13. Qxd6 Bxd6 14. Rxd6 Ke7 15. Rd2 {½-½ (26) Alfaro Pinero,A (1797)-Hernandez Barricarte,M (1913) Pamplona 2017}) 12. Nc7+ Ke7 {Threatens to win with ...Rb8.} 13. Nxa8 Qxf2 (13... Qg5 {keeps fighting.} 14. Bc4 b5) 14. Qa5 {White is clearly winning.} Be6 15. Nc7 Bg4 16. Bc4 {Rhf1 is the strong threat.} Bxd1 {[%csl Gd1][%cal Rf2c2] [#]} 17. Nd5+ $1 {[%mdl 512]} cxd5 {[%csl Gd1][%cal Rf2c2]} 18. Qc7+ Kf6 {[%csl Gd1][%cal Rf2c2]} 19. Rf1 Be3+ 20. Kxd1 1-0

[Event "HUN-ch Rapid 2018"]
[Site "Ajka"]
[Date "2018.07.20"]
[Round "5"]
[White "Banusz, Tamas"]
[Black "Vertetics, Attila"]
[Result "1/2-1/2"]
[WhiteElo "2592"]
[BlackElo "2506"]
[Annotator "ChessBase"]
[PlyCount "111"]
[EventDate "2018.07.20"]
[EventType "swiss"]
[EventCountry "HUN"]
[SourceTitle "playchess.com"]
[Source "ChessBase"]
[SourceQuality "1"]
[TimeControl "1200+5"]

1. Nf3 {[%emt 0:00:04]} d5 {[%emt 0:00:05]} 2. g3 {[%emt 0:00:01]} c6 {[%emt 0:00:02]} 3. Bg2 {[%emt 0:00:01]} Bg4 {[%emt 0:00:03]} 4. O-O {[%emt 0:00:03]} e6 {[%emt 0:00:02]} 5. h3 {[%emt 0:00:02]} Bxf3 {[%emt 0:00:10]} 6. Bxf3 {[%emt 0:00:02]} Nf6 {[%emt 0:00:05]} 7. d4 {[%emt 0:00:30]} Nbd7 {[%emt 0:00:21]} 8. Nd2 {[%emt 0:00:11]} Be7 {[%emt 0:00:10]} 9. e4 {[%emt 0:00:02]} dxe4 {[%emt 0:00:02]} 10. Nxe4 {[%emt 0:00:01]} Nxe4 {[%emt 0:00:01]} 11. Bxe4 {[%emt 0:00:01]} Bg5 {[%emt 0:00:02]} 12. f4 {[%emt 0:03:10]} Be7 {[%emt 0:00:21]} 13. c3 {[%emt 0:00:08]} g6 {[%emt 0:00:42]} 14. Kg2 {[%emt 0:00:31]} h5 {[%emt 0:00:18]} 15. Qc2 {[%emt 0:00:32]} Nf6 {[%emt 0:00:33]} 16. Bf3 {[%emt 0:00:01]} Qc7 {[%emt 0:00:14]} 17. c4 {[%emt 0:02:13]} Rd8 {[%emt 0:01:11]} 18. Be3 {[%emt 0:00:06]} Kf8 {[%emt 0:00:29]} 19. Rad1 {[%emt 0:00:34]} Ne8 {[%emt 0:01:39]} 20. Qb3 {[%emt 0:01:01]} Bf6 {[%emt 0:01:23]} 21. d5 {[%emt 0:00:53]} exd5 {[%emt 0:00:08]} 22. Bxa7 {[%emt 0:01:59]} dxc4 {[%emt 0:00:30]} 23. Qxc4 {[%emt 0:00:28]} Kg7 {[%emt 0:00:36]} 24. Rxd8 {[%emt 0:00:28]} Qxd8 {[%emt 0:00:02]} 25. Rd1 {[%emt 0:00:04]} Qc7 {[%emt 0:01:21]} 26. Bd4 {[%emt 0:00:34]} h4 {[%emt 0:01:39]} 27. Bxf6+ {[%emt 0:00:57]} Nxf6 {[%emt 0:00:03]} 28. g4 {[%emt 0:00:01]} g5 {[%emt 0:00:38]} 29. Kf1 {[%emt 0:02:00]} Qxf4 {[%emt 0:00:15]} 30. Qxf4 {[%emt 0:00:01]} gxf4 {[%emt 0:00:01]} 31. Rd4 {[%emt 0:00:01]} Nh7 {[%emt 0:00:13]} 32. Rxf4 {[%emt 0:01:23]} Ng5 {[%emt 0:00:01]} 33. Bg2 {[%emt 0:00:05]} Re8 {[%emt 0:00:14]} 34. Kf2 {[%emt 0:00:28]} Re5 {[%emt 0:00:11]} 35. Rb4 {[%emt 0:00:12]} Re7 {[%emt 0:00:16]} 36. Rd4 {[%emt 0:00:13]} Re5 {[%emt 0:00:17]} 37. Rb4 {[%emt 0:00:34]} Re7 {[%emt 0:00:03]} 38. a4 {[%emt 0:00:02]} Kf6 {[%emt 0:00:48]} 39. Rd4 {[%emt 0:00:03]} Ne6 {[%emt 0:00:39]} 40. Rd1 {[%emt 0:01:09]} Nf4 {[%emt 0:00:26]} 41. Bf1 {[%emt 0:00:12]} Re4 {[%emt 0:00:05]} 42. b3 {[%emt 0:00:11]} Rb4 {[%emt 0:00:03]} 43. Bc4 {[%emt 0:00:26]} Nxh3+ {[%emt 0:00:31]} 44. Ke3 {[%emt 0:00:01]} Ke5 {[%emt 0:00:56]} 45. a5 {[%emt 0:00:13]} Nf4 {[%emt 0:00:44]} 46. Rf1 {[%emt 0:00:14]} Nd5+ {[%emt 0:00:14]} 47. Kd3 {[%emt 0:00:08]} b5 {[%emt 0:00:11]} 48. axb6 {[%emt 0:00:45]} Nxb6 {[%emt 0:00:31]} 49. Rf5+ {[%emt 0:00:07]} Kd6 {[%emt 0:00:04]} 50. Kc3 {[%emt 0:00:13]} c5 {[%emt 0:01:32]} 51. Rf6+ {[%emt 0:00:01]} Ke5 {[%emt 0:00:01]} 52. Rf5+ {[%emt 0:00:15]} Kd6 {[%emt 0:00:06]} 53. Rf6+ {[%emt 0:00:07]} Ke5 {[%emt 0:00:01]} 54. Rf5+ {[%emt 0:00:02]} Kd6 {[%emt 0:00:10]} 55. Rf6+ {[%emt 0:00:11]} Ke5 {[%emt 0:00:01]} 56. Rf5+ {[%emt 0:00:16]} 1/2-1/2